Find Five 'C' Things Quiz Stats

 Plays Quiz Updated Aug 26, 2016

Score 0/50 Timer 04:00
1 Play Today
% Correct
Clarinet
93.5%
Casablanca
92.7%
Chariots of Fire
91.3%
Cymbals
90.8%
Carson City
90.3%
Carrot
88.3%
Christening
88.2%
Communion
87.9%
Celery
87.7%
Confirmation
87.2%
Charleston
86.6%
Cabbage
85.3%
Cheddar
85%
Cauliflower
84.5%
Columbus
84.4%
Columbia
82.4%
Consecration
81.3%
Chicago
81%
Cancer
77.9%
Capricornus
77.8%
Cornet
76%
Claudius
75.2%
Constantine
73.8%
Caligula
73.2%
Czech
69.2%
% Correct
Concord
67.7%
Cassiopeia
66.3%
Chrismation
62.9%
Catalan
62.3%
Charizard
61.2%
Cornish
61%
Chicory
59.9%
Charmeleon
56.6%
Cheshire
54.2%
Commodus
51.2%
Cornish Yarg
50.3%
Cree
45.7%
Cygnus
44.4%
Cepheus
37%
Chansey
36%
Cimarron
33.9%
Clefable
33.1%
Cavalcade
33%
Cloyster
30.2%
Caerphilly
29.7%
Cor Anglais
24.7%
Cebuano
22.4%
Caracalla
21.4%
Celeste
18.8%
Crowdie
17.1%

You're not logged in!

Compare scores with friends on all Sporcle quizzes.
OR
Log In

Show Comments

Extras

Top Quizzes Today


Score Distribution

Your Account Isn't Verified!

In order to create a playlist on Sporcle, you need to verify the email address you used during registration. Go to your Sporcle Settings to finish the process.

Report this User

Report this user for behavior that violates our Community Guidelines.

Details: